000 00514nam a2200205 a 4500
001 BRCA_6507
005 20190320205502.0
008 270911s1922----gw-#######---#000-0#ger-#
041 _ager
044 _agw
050 4 _aPT2642
_b.H58 R84
_c1922
100 1 _aThoma, Ludwig
_d1867-1921
_96159
245 1 0 _aDer Ruepp
_bRoman
_cvon Ludwig Thoma.
260 _aMĂșnich
_bAlbert Langen
_c1922
300 _a304 p.
_c18 cm.
500 _aL43
650 1 4 _aLiteratura Alemana
_96160
902 _aGFM
942 _2lcc
_cB
999 _c6191
_d6191